01082 2200241 4500001002100000005001500021035002000036007000300056008004100059020002200100082001000122084001600132100003100148245010800179250000600287260004200293300004800335700003500383700003200418650002900450520034400479990001700823INLIS00000000000096120260505083401 a0010-0823000125ta260505 c 0 ind  a978-602-341-076-7 a567.9 a567.9 HAS c0 aHasna Nelfia ( Pengarang )1 aCompsognathus :bsi tubuh mugil /cHasna Nelfia ; ilustrasi, Sugeng Supriyadi ; editor, Syarif Nurhakim a- aJakarta :bBestari Buana Murni,c2016 a24 :bilus. ; gambar berwarna ;c20.5 cme-0 aSugeng Supriyadi ( Ilustrasi )0 aSyerif Nur hakim ( Editor ) 4aKomik - Bacaan anak-anak aMeskipun bertubuh mungil Compsognathus tetaplah karnivora Ia senang sekali makan hewan bertulang belakang seperti serangga kadal dan hewan kecil lainnya Ia memiliki leher yang panjang serta moncong yang bergigi tajam Berat badannya hanya 2 7 hingga 3 kg atau seberat bayi manusia Badan Compsognathus dewasa bahkan cuma setinggi ayam kalkun a00084/K/2019